000 01239nam a2200337 i 4500
003 DO-SdBNP
005 20250630151406.0
007 ta
008 210302b 2019 dr 00| 0 spa d
020 _a9789945443622
040 _aDO-SdBNP
_bspa
_cBNPHU
_erda
041 _aspa
082 4 _aRD861.44
_bV335b
_222
100 1 _aVásquez, Felicia,
_eautor
_4aut.
_977971
245 1 0 _aBajo el sol de Guabatico /
_cFelicia Vásquez.
264 4 _aSanto Domingo :
_bBanco Central de la República Dominicana,
_c©2019.
300 _a134 páginas ;
_c23 cm
336 _atexto
_btxt
_2rdacontent
337 _asin mediación
_bn
_2rdacontent
338 _avolumen
_bnc
_2rdacarrier
490 1 _aBanco Central de la República Dominicana ;
_v262
490 1 _aArte y literatura ;
_v97
500 _aIncluye datos biográficos del autor en la solapa de la cubierta
590 _aInventariado, 2021 / DG
590 _aLa biblioteca posee 1 ejemplar autografiado por el autora
650 4 _aPoesía dominicana
_977972
650 4 _aLiteratura dominicana.
_967
830 0 _aBanco Central de la República Dominicana ;
_n262
_pArte y literatura
_n97
_978549
910 _aInventariado, 2021 / DG/Validado. Control de calidad MFF
942 _2ddc
_cLBS1
999 _c49474
_d49474